Представление документа в формате RUSMARC

ПолеНазваниеЗначение
  Тип записи a
  Библиографический уровень a
001 Контрольный номер af1a0efa6cd548dca99d016b948ec49c
005 Дата корректировки 20240117105704.3
100 Данные общей обработки __
a Данные общей обработки 20240117 ||| 0rusy0189 ca
101 Язык документа 0_
a Язык текста rus
102 Страна публикации __
a Страна публикации RU
200 Заглавие и сведения об ответственности 1_
a Заглавие Сколько лошадиных сил в одной лошади?
e Сведения, относящиеся к заглавию [история развития мощностных измерений]
f Первые сведения об ответственности Е. Шапран
461 Уровень набора _0
1 2000
a Думай
463 Уровень физической единицы _0
1 2000
a № 11 (51)
v С. 9 : ил.
1 2101
d 2023
1 00198786b02a5754cdeacc3890ef8a87b15
600 Персоналии _1
a Персоналии (Фамилия) Уатт
g Полное имя Джеймс
600 Персоналии _1
a Персоналии (Фамилия) Джоуль
g Полное имя Джеймс
606 Тематические рубрики 0_
a Основная рубрика История техники
y Географическая подрубрика Великобритания
610 Ключевые слова 0_
a Ключевые слова техника, физика, автодорожный транспорт, автомобили, лошадиная сила, лошади, единицы измерения мощности, мощность двигателя, двигатель внутреннего сгорания, паровой двигатель, изобретения, изобретатели
686 Индексы других классификаций __
a Классификационный индекс 30г
700 Автор _1
a Фамилия Шапран
b Имя (инициалы) Е.
g Полное личное имя Екатерина
801 Источник записи _0
a Страна RU
b Организация УОБДЮ
c Дата составления 20240117
g Правила каталогизации RCR
801 Источник записи _1
a Страна RU
b Организация УОБДЮ
c Дата составления 20240117
g Правила каталогизации RCR
901 Тип документа __
t Тип документа b
w Контрольный № источника 98786b02a5754cdeacc3890ef8a87b15
905 Данные по созданию БЗ __
b Логин пользователя, который создал БЗ ibo1